MDQL
is popping MORE tags! Check the
thread
!
Quizzes
Events
Quiz Creation
Community
Videos
Private Events
Remove Ads
Sign In
Join for FREE
Feedback
Dark Mode
Quiz Categories
Sports
Geography
Music
Movies
Television
Just For Fun
Miscellaneous
History
Literature
Language
Science
Gaming
Entertainment
Religion
Holiday
For Kids
Quiz Lab
Recent
Popular Today
Quiz Kudos Today
Editor Picks
Curator Picks
Quizzes by...
Day
Popularity
Type
Ratings
Length
Year
Community
Subscriptions
Recent Discussions
Orange Saloon
Badges
Playlists
Quests
Create
Leaderboards
Showdown
Live 5
Trivia Bingo
Activity
Puzzle Library
Sporcle Events
Private Events
Virtual Trivia
Globe League
Become a Host
Pub Owners
SporcleCon
Opinionation
Our Games
Videos
Blog
Mobile Apps
Partnerships
Remove Ads and Go Orange
Feedback
Literature
Harry Potter
A Song of Ice and Fire
The Hunger Games
Literary Character
Shakespeare
Book
Author
Novel
Poem
Young Adult
Children's Books
Play
Lord of the Rings
Literature
Harry Potter
A Song of Ice and Fire
The Hunger Games
Literary Character
Shakespeare
Book
Author
Novel
Poem
Young Adult
Children's Books
Play
Lord of the Rings
Random Quiz
Search Sporcle
×
Quiz Lab
Quiz Lab
Literature
Book
Type in answers that appear in a list
Type in answers that appear in a list
Classic
Best Score? Go Orange.
Books Turned into Movies Stats
These books were turned into movies. Name who wrote them.
By
Vexillologer
5m
24 Questions
33 Plays
33 Plays
33 Plays
Comments
Comments
Give Quiz Kudos
Give Quiz Kudos
-
- Ratings
hide this ad
Replay
Link that replays current quiz
Next Quiz
Link to next quiz in quiz playlist
You Got
0%
They Got
Avg Score
67%
Avg Friend Score
Upgrade to see
Score Distribution
Jump to the score distribution portion of the page
Score
0/24
Timer
05:00
0
Plays Today
Book or Series
Author
% Correct
Harry Potter series
J. K. Rowling
100%
Charlie and the Chocolate Factory
Roald Dahl
90.9%
Lord of the Rings series
J.R.R. Tolkien
87.9%
The Da Vinci Code
Dan Brown
87.9%
Narnia series
C.S. Lewis
84.8%
The Shining
Stephen King
81.8%
Pride and Prejudice
Jane Austen
81.8%
Twilight series
Stephenie Meyer
78.8%
The Godfather
Mario Puzo
78.8%
Jurassic Park
Michael Crichton
75.8%
Breakfast at Tiffany's
Truman Capote
69.7%
Gone with the Wind
Margaret Mitchell
69.7%
Book or Series
Author
% Correct
A Clockwork Orange
Anthony Burgess
60.6%
The Firm
John Grisham
60.6%
The Hunt for Red October
Tom Clancy
60.6%
The Girl with the Dragon Tattoo
Stieg Larsson
57.6%
One Flew Over the Cuckoo's Nest
Ken Kesey
54.5%
Bridget Jones's Diary
Helen Fielding
51.5%
Dune
Frank Herbert
51.5%
The Notebook
Nicholas Sparks
48.5%
Minority Report
Philip K. Dick
48.5%
The Road
Cormac McCarthy
48.5%
Fight Club
Chuck Palahniuk
42.4%
High Fidelity
Nick Hornby
36.4%
Quiz Playlist
Details
Report
Send in Message
Add To Playlist
Classic:
Type in answers that appear in a list
Last Updated: Sep 10, 2019
Quiz Scoreboard
CHALLENGE
Sign Up to Join the Scoreboard
Show All
Scores
Hide
Comments
May contain spoilers
Recently Published
1-10 Letter E Words III
by El_Dandy
Language
2m
Street Fighter Characters
by Artimus82
Gaming
60s
College Basketball Coaching Resumes
by pancakes188
Sports
9m
More to Explore
Quiz From the Vault
Featured Blog Post
Where Did the Easter Bunny Come From?
hide this ad
You Might Also Like...
Tags
Author Quiz
Book Quiz
Today's Top Quizzes in Literature
Browse Literature
hide this ad
Today's Top Quizzes in Book
Browse Book
Top Contributed Quizzes in Literature
1
Sneaky Slytherin Logic Puzzle
2
Get The Picture: Black or White Literature
3
5-to-1: Plays
4
One Thing in Common: Literature
5
A Court of Thorns and Roses (ACoTaR) Logic Puzzle
6
One Thing in Common: Literature II
7
One Thing in Common: Books
8
One Thing in Common: Literature 3
9
'Middle' Earth
10
One Thing in Common: Books II
Explore More
Trending Topics
Crossword
NBA
Kpop
Disney
Anime
Harry Potter
Marvel
Song
Soccer
NFL
Pokémon
Country
The Office
WWE
Puzzle
hide this ad
More By:
Vexillologer
Quiz
Plays
Rating
Category
Featured
Created
Northernmost Major Cities Quiz
3,580
4.95
Geography
Sep 22, 2019
Biggest Great Lake Cities
3,338
4.71
Geography
Aug 28, 2019
Animal Anatomy Quiz
1,718
4.67
Science
Jan 2, 2020
Biggest Cities by Language Quiz
1,716
4.32
Geography
Mar 29, 2020
Movies with Animals in the Title
1,529
4.71
Movies
Feb 10, 2019
Go to Creator's Profile
Score Distribution
Quiz Creator Spotlight
Vexillologer
Follow
Send a Message
Quizzes Created
-
Created Quiz Play Count
-
More By This Creator
Popular Quizzes Today
1
Find the US States - No Outlines Minefield
2
Find the Countries of Europe - No Outlines Minefield
3
The Countries of the World
4
Find the US States
5
Risky Map Clicking: Biggest States A-Z
6
US States
7
Popular People in 1961
8
Movies - When Are They Set?
More Literature Quizzes
Harry Potter Acrostic: The Magic Begins
Quiz Lab
Trending Quizzes
Risky Map Clicking: Least Populous States A-Z
USA Borders Longest to Shortest
1-10 Letter G Words
1-10 Letter F Words
Countries of the World: 200 Million BC
Recently Updated
Leaping Animals
pecheneg
Reality TV Shows (A-Z)
bhenderson79
Rickey Henderson's Hall of Fame Teammates
pecheneg
Champions League XIs: Arsenal
pecheneg
Quick Pick: Celebrities in WWE's Hall of Fame
aduchscher
A-Z Keypad Blitz II
pecheneg
Multiple Oscar Actors
pecheneg
Mystery Phrase Blitz: Oscar 'Best Actors'
pecheneg
F. Scott Fitzgerald Novels
LTH
Pick 3 Villains
ddd62291
Trending Topics
Disney
Kpop
NBA
Harry Potter
Crossword
Marvel
Anime
Song
NFL
The Office
Pokémon
Soccer
Puzzle
Country
WWE
Your Account Isn't Verified!
In order to create a playlist on Sporcle, you need to verify the email address you used during registration. Go to your
Sporcle Settings
to finish the process.
Report this User
Report this user for behavior that violates our
Community Guidelines
.
Details:
Send Report
Go to the Sporcle.com Mobile Site →
Comments